Normal view
MARC view
Entry Personal Name
001 - CONTROL NUMBER
- control field: 73822
003 - CONTROL NUMBER IDENTIFIER
- control field: dpl
005 - DATE AND TIME OF LATEST TRANSACTION
- control field: 20241108152207.0
008 - FIXED-LENGTH DATA ELEMENTS
- fixed length control field: 241108|| aca||aabn | a|a d
040 ## - CATALOGING SOURCE
- Original cataloging agency: dpl
- Transcribing agency: dpl
100 ## - HEADING--PERSONAL NAME
- Personal name: एम. के. सिंह
670 ## - SOURCE DATA FOUND
- Source citation: Work cat.: (dpl)206943: एम. के. सिंह , अयोध्या का राम मंदिर /, 2021
